=LDR 00000nam 2200000 4500 =001 INLIS000000000050707 =005 20170515014529 =035 ##$$a 0010-0517000360 =007 ta =008 170515###########################0###### =020 ##$$a 978-602-9251-09-8 =082 ##$$a 813 =084 ##$$a 813 ZAM j =100 #$$a Zam, Fatih =245 1#$$a Jawara : $b Angkara di Bumi Krakatau /$c Fatih Zam =250 ##$$a Cet.1 =260 ##$$a Solo :$b Tiga Serangkai,$c 2011 =300 ##$$a xi, 530 hlm ; $c 20 cm =650 ##$$a Novel =990 ##$$a 84428442 =990 ##$$a 84428442 =990 ##$$a 31701067 =990 ##$$a 02201708442 =990 ##$$a 31701068 =990 ##$$a 31701067